[Event "Stay Safe Play From Home 268"]
[Site "Emanuel Lasker Arena"]
[Date "2020.07.01"]
[Round "1"]
[White "Broken sword"]
[Black "Haris kollari 13"]
[Result "1-0"]
[WhiteElo "2475"]
[BlackElo "1767"]
[Annotator "NA"]
[PlyCount "65"]
[EventDate "2020.07.01"]
[EventType "swiss (blitz)"]

1. d4 {[%emt 0:00:01]} e6 {[%emt 0:00:01]} 2. c4 {[%emt 0:00:01]} d5 {[%emt 0:00:00]} 3. Nc3 {[%emt 0:00:00]} c6 {[%emt 0:00:00]} 4. Nf3 {[%emt 0:00:00]} f5 {[%emt 0:00:01]} 5. Bg5 {[%emt 0:00:00]} Nf6 {[%emt 0:00:01]} 6. Bxf6 {[%emt 0:00:01]} Qxf6 {[%emt 0:00:01]} 7. cxd5 {[%emt 0:00:00]} cxd5 {[%emt 0:00:01]} 8. Ne5 {[%emt 0:00:00]} Nc6 {[%emt 0:00:01]} 9. f4 {[%emt 0:00:00]} Bd7 {[%emt 0:00:01]} 10. e3 {[%emt 0:00:01]} Bd6 {[%emt 0:00:01]} 11. Bd3 {[%emt 0:00:01]} Bxe5 {[%emt 0:00:03]} 12. fxe5 {[%emt 0:00:00]} Qg5 {[%emt 0:00:02]} 13. Qe2 {[%emt 0:00:01]} O-O {[%emt 0:00:02]} 14. O-O {[%emt 0:00:01]} f4 {[%emt 0:00:01]} 15. e4 {[%emt 0:00:01]} Nxd4 {[%emt 0:00:02]} 16. Qf2 {[%emt 0:00:00]} Qxe5 {[%emt 0:00:05]} 17. exd5 {[%emt 0:00:01]} exd5 {[%emt 0:00:01]} 18. Rae1 {[%emt 0:00:01]} Qf6 {[%emt 0:00:02]} 19. Nxd5 {[%emt 0:00:01]} Qg5 {[%emt 0:00:09]} 20. Qxd4 {[%emt 0:00:01]} f3 {[%emt 0:00:01]} 21. g3 {[%emt 0:00:01]} Bc6 {[%emt 0:00:02]} 22. Ne7+ {[%emt 0:00:02]} Kh8 {[%emt 0:00:03]} 23. Nxc6 {[%emt 0:00:01]} bxc6 {[%emt 0:00:00]} 24. Qe4 {[%emt 0:00:01]} Qh6 {[%emt 0:00:04]} 25. Rxf3 {[%emt 0:00:01]} Rxf3 {[%emt 0:00:05]} 26. Qxf3 {[%emt 0:00:01]} Qd2 {[%emt 0:00:00]} 27. Re2 {[%emt 0:00:01]} Qc1+ {[%emt 0:00:02]} 28. Kg2 {[%emt 0:00:01]} Qh6 {[%emt 0:00:02]} 29. Qe4 {[%emt 0:00:02]} Rf8 {[%emt 0:00:01]} 30. a3 {[%emt 0:00:03]} c5 {[%emt 0:00:01]} 31. b3 {[%emt 0:00:01]} a5 {[%emt 0:00:02]} 32. a4 {[%emt 0:00:01]} g6 {[%emt 0:00:02]} 33. Qe5+ {[%emt 0:00:02] Time} 1-0

[Event "Stay Safe Play From Home 268"]
[Site "Emanuel Lasker Arena"]
[Date "2020.07.01"]
[Round "1"]
[White "Mepe_Nika"]
[Black "The Next Contender"]
[Result "1-0"]
[WhiteElo "2393"]
[BlackElo "2015"]
[PlyCount "111"]
[EventDate "2020.07.01"]
[EventType "swiss (blitz)"]

1. d4 {[%emt 0:00:02]} d5 {[%emt 0:00:00]} 2. Bf4 {[%emt 0:00:01]} c5 {[%emt 0:00:00]} 3. e3 {[%emt 0:00:01]} e6 {[%emt 0:00:00]} 4. c3 {[%emt 0:00:01]} Nf6 {[%emt 0:00:00]} 5. Nd2 {[%emt 0:00:01]} cxd4 {[%emt 0:00:00]} 6. cxd4 {[%emt 0:00:01]} Bd6 {[%emt 0:00:00]} 7. Bxd6 {[%emt 0:00:01]} Qxd6 {[%emt 0:00:00]} 8. Ngf3 {[%emt 0:00:00]} O-O {[%emt 0:00:00]} 9. Bd3 {[%emt 0:00:01]} b6 {[%emt 0:00:00]} 10. O-O {[%emt 0:00:01]} Bb7 {[%emt 0:00:00]} 11. Rc1 {[%emt 0:00:01]} Nc6 {[%emt 0:00:00]} 12. a3 {[%emt 0:00:02]} Rac8 {[%emt 0:00:00]} 13. Bb1 {[%emt 0:00:01]} Ne7 {[%emt 0:00:01]} 14. Ne5 {[%emt 0:00:01]} Ng6 {[%emt 0:00:01]} 15. f4 {[%emt 0:00:02]} Nd7 {[%emt 0:00:01]} 16. Qf3 {[%emt 0:00:02]} Ndxe5 {[%emt 0:00:01]} 17. fxe5 {[%emt 0:00:01]} Qe7 {[%emt 0:00:01]} 18. h3 {[%emt 0:00:01]} Qg5 {[%emt 0:00:01]} 19. Kh2 {[%emt 0:00:01]} Nh4 {[%emt 0:00:01]} 20. Qg3 {[%emt 0:00:01]} Qxg3+ {[%emt 0:00:01]} 21. Kxg3 {[%emt 0:00:00]} Ng6 {[%emt 0:00:00]} 22. Nf3 {[%emt 0:00:03]} Ba6 {[%emt 0:00:01]} 23. Rfe1 {[%emt 0:00:01]} Rxc1 {[%emt 0:00:01]} 24. Rxc1 {[%emt 0:00:00]} Rc8 {[%emt 0:00:00]} 25. Rxc8+ {[%emt 0:00:01]} Bxc8 {[%emt 0:00:00]} 26. Bxg6 {[%emt 0:00:01]} hxg6 {[%emt 0:00:01]} 27. Kf4 {[%emt 0:00:00]} Kf8 {[%emt 0:00:00]} 28. Nd2 {[%emt 0:00:01]} Ke7 {[%emt 0:00:01]} 29. e4 {[%emt 0:00:01]} Bb7 {[%emt 0:00:02]} 30. exd5 {[%emt 0:00:00]} Bxd5 {[%emt 0:00:00]} 31. g3 {[%emt 0:00:00]} a6 {[%emt 0:00:01]} 32. h4 {[%emt 0:00:01]} f6 {[%emt 0:00:01]} 33. Nf1 {[%emt 0:00:01]} Kf7 {[%emt 0:00:01]} 34. Ne3 {[%emt 0:00:01]} Bb3 {[%emt 0:00:01]} 35. g4 {[%emt 0:00:03]} b5 {[%emt 0:00:03]} 36. g5 {[%emt 0:00:01]} a5 {[%emt 0:00:03]} 37. Ng4 {[%emt 0:00:03]} Ke7 {[%emt 0:00:01]} 38. gxf6+ {[%emt 0:00:01]} gxf6 {[%emt 0:00:00]} 39. exf6+ {[%emt 0:00:01]} Kf7 {[%emt 0:00:00]} 40. Kg5 {[%emt 0:00:00]} Bc2 {[%emt 0:00:01]} 41. Ne5+ {[%emt 0:00:00]} Kf8 {[%emt 0:00:03]} 42. Nxg6+ {[%emt 0:00:00]} Kf7 {[%emt 0:00:02]} 43. Ne5+ {[%emt 0:00:01]} Kf8 {[%emt 0:00:01]} 44. Nc6 {[%emt 0:00:01]} Kf7 {[%emt 0:00:01]} 45. Nxa5 {[%emt 0:00:01]} b4 {[%emt 0:00:01]} 46. axb4 {[%emt 0:00:01]} Ke8 {[%emt 0:00:01]} 47. Nc6 {[%emt 0:00:01]} Kf7 {[%emt 0:00:00]} 48. Ne5+ {[%emt 0:00:00]} Kf8 {[%emt 0:00:00]} 49. h5 {[%emt 0:00:00]} Kg8 {[%emt 0:00:01]} 50. h6 {[%emt 0:00:00]} Kh7 {[%emt 0:00:00]} 51. b5 {[%emt 0:00:00]} Ba4 {[%emt 0:00:01]} 52. b6 {[%emt 0:00:00]} Be8 {[%emt 0:00:01]} 53. b7 {[%emt 0:00:01]} Bh5 {[%emt 0:00:05]} 54. b8=Q {[%emt 0:00:00]} Bg6 {[%emt 0:00:02]} 55. Qf8 {[%emt 0:00:01]} Bf7 {[%emt 0:00:01]} 56. Qg7# {[%emt 0:00:00] (Lag: Av=0.57s, max=1.1s)} 1-0

[Event "Stay Safe Play From Home 268"]
[Site "Emanuel Lasker Arena"]
[Date "2020.07.01"]
[Round "1"]
[White "Fischer_11"]
[Black "Lazieri3"]
[Result "1-0"]
[WhiteElo "1997"]
[BlackElo "2125"]
[Annotator "NA"]
[PlyCount "39"]
[EventDate "2020.07.01"]
[EventType "swiss (blitz)"]

1. e4 {[%emt 0:00:01]} c6 {[%emt 0:00:00]} 2. d4 {[%emt 0:00:01]} d5 {[%emt 0:00:00]} 3. exd5 {[%emt 0:00:00]} cxd5 {[%emt 0:00:00]} 4. c4 {[%emt 0:00:00]} Nc6 {[%emt 0:00:00]} 5. cxd5 {[%emt 0:00:00]} Qxd5 {[%emt 0:00:01]} 6. Nf3 {[%emt 0:00:00]} Bf5 {[%emt 0:00:01]} 7. Nc3 {[%emt 0:00:00]} Qe6+ {[%emt 0:00:02]} 8. Be3 {[%emt 0:00:02]} O-O-O {[%emt 0:00:02]} 9. d5 {[%emt 0:00:00]} Qg6 {[%emt 0:00:06]} 10. Qa4 {[%emt 0:00:04]} Nb8 {[%emt 0:00:03]} 11. Rc1 {[%emt 0:00:03]} Nc6 {[%emt 0:00:09]} 12. dxc6 {[%emt 0:00:03]} bxc6 {[%emt 0:00:00]} 13. Qa6+ {[%emt 0:00:04]} Kd7 {[%emt 0:00:03]} 14. Rd1+ {[%emt 0:00:03]} Ke8 {[%emt 0:00:01]} 15. Rxd8+ {[%emt 0:00:02]} Kxd8 {[%emt 0:00:00]} 16. Qxa7 {[%emt 0:00:01]} Nf6 {[%emt 0:00:03]} 17. Bb6+ {[%emt 0:00:02]} Ke8 {[%emt 0:00:02]} 18. Qb8+ {[%emt 0:00:02]} Kd7 {[%emt 0:00:01]} 19. Qc7+ {[%emt 0:00:02]} Ke6 {[%emt 0:00:01]} 20. Nd4# {[%emt 0:00:03] (Lag: Av=0.47s, max=0.6s)} 1-0

[Event "Stay Safe Play From Home 268"]
[Site "Emanuel Lasker Arena"]
[Date "2020.07.01"]
[Round "1"]
[White "Patzeroglu"]
[Black "Trotsky"]
[Result "1-0"]
[WhiteElo "1880"]
[BlackElo "1574"]
[Annotator "NA"]
[PlyCount "49"]
[EventDate "2020.07.01"]
[EventType "swiss (blitz)"]

1. e4 {[%emt 0:00:03]} c5 {[%emt 0:00:01]} 2. Nf3 {[%emt 0:00:01]} e6 {[%emt 0:00:00]} 3. d4 {[%emt 0:00:01]} d5 {[%emt 0:00:01]} 4. exd5 {[%emt 0:00:02]} exd5 {[%emt 0:00:01]} 5. Bb5+ {[%emt 0:00:01]} Nc6 {[%emt 0:00:01]} 6. Nc3 {[%emt 0:00:01]} Be6 {[%emt 0:00:01]} 7. O-O {[%emt 0:00:02]} Qc7 {[%emt 0:00:01]} 8. Re1 {[%emt 0:00:02]} O-O-O {[%emt 0:00:01]} 9. Bg5 {[%emt 0:00:04]} Bd6 {[%emt 0:00:11]} 10. Bxc6 {[%emt 0:00:01]} bxc6 {[%emt 0:00:01]} 11. Bxd8 {[%emt 0:00:02]} Kxd8 {[%emt 0:00:02]} 12. dxc5 {[%emt 0:00:00]} Bxc5 {[%emt 0:00:02]} 13. Nd4 {[%emt 0:00:01]} Bd7 {[%emt 0:00:05]} 14. Na4 {[%emt 0:00:10]} Bd6 {[%emt 0:00:01]} 15. c4 {[%emt 0:00:05]} Nf6 {[%emt 0:00:01]} 16. cxd5 {[%emt 0:00:04]} Bxh2+ {[%emt 0:00:03]} 17. Kf1 {[%emt 0:00:03]} Ng4 {[%emt 0:00:02]} 18. dxc6 {[%emt 0:00:03]} Bg3 {[%emt 0:00:10]} 19. Ne6+ {[%emt 0:00:06]} fxe6 {[%emt 0:00:03]} 20. Qxd7+ {[%emt 0:00:00]} Qxd7 {[%emt 0:00:01]} 21. cxd7 {[%emt 0:00:00]} Kxd7 {[%emt 0:00:01]} 22. Nc5+ {[%emt 0:00:01]} Kd6 {[%emt 0:00:02]} 23. Nxe6 {[%emt 0:00:01]} Rf8 {[%emt 0:00:02]} 24. Rad1+ {[%emt 0:00:00]} Kc6 {[%emt 0:00:03]} 25. f3 {[%emt 0:00:00] Âðåìÿ} 1-0

[Event "Stay Safe Play From Home 268"]
[Site "Emanuel Lasker Arena"]
[Date "2020.07.01"]
[Round "1"]
[White "Klasman"]
[Black "Physikus"]
[Result "0-1"]
[WhiteElo "1315"]
[BlackElo "2103"]
[Annotator "NA"]
[PlyCount "50"]
[EventDate "2020.07.01"]
[EventType "swiss (blitz)"]

1. f4 {[%emt 0:00:01]} f5 {[%emt 0:00:01]} 2. Nf3 {[%emt 0:00:02]} Nf6 {[%emt 0:00:00]} 3. e3 {[%emt 0:00:01]} g6 {[%emt 0:00:00]} 4. d4 {[%emt 0:00:01]} Bg7 {[%emt 0:00:00]} 5. c4 {[%emt 0:00:01]} O-O {[%emt 0:00:01]} 6. Nc3 {[%emt 0:00:01]} e6 {[%emt 0:00:00]} 7. Bd3 {[%emt 0:00:03]} d5 {[%emt 0:00:01]} 8. Bd2 {[%emt 0:00:01]} c6 {[%emt 0:00:01]} 9. O-O {[%emt 0:00:02]} Ne4 {[%emt 0:00:00]} 10. Bxe4 {[%emt 0:00:03]} fxe4 {[%emt 0:00:01]} 11. Ne5 {[%emt 0:00:01]} Nd7 {[%emt 0:00:01]} 12. Qg4 {[%emt 0:00:05]} Nxe5 {[%emt 0:00:02]} 13. fxe5 {[%emt 0:00:04]} Bd7 {[%emt 0:00:00]} 14. Rxf8+ {[%emt 0:00:04]} Qxf8 {[%emt 0:00:01]} 15. Rf1 {[%emt 0:00:01]} Qe7 {[%emt 0:00:01]} 16. h4 {[%emt 0:00:03]} Rf8 {[%emt 0:00:01]} 17. h5 {[%emt 0:00:02]} Rxf1+ {[%emt 0:00:02]} 18. Kxf1 {[%emt 0:00:01]} g5 {[%emt 0:00:01]} 19. Be1 {[%emt 0:00:04]} h6 {[%emt 0:00:01]} 20. Qg3 {[%emt 0:00:04]} Qf7+ {[%emt 0:00:02]} 21. Qf2 {[%emt 0:00:01]} Qxh5 {[%emt 0:00:04]} 22. Na4 {[%emt 0:00:04]} Qf7 {[%emt 0:00:01]} 23. Nc5 {[%emt 0:00:01]} Bc8 {[%emt 0:00:01]} 24. Qxf7+ {[%emt 0:00:04]} Kxf7 {[%emt 0:00:01]} 25. Bf2 {[%emt 0:00:02]} h5 {[%emt 0:00:01] Time (Lag: Av=0.45s, max=0.6s)} 0-1

[Event "Stay Safe Play From Home 268"]
[Site "Emanuel Lasker Arena"]
[Date "2020.07.01"]
[Round "2"]
[White "Broken sword"]
[Black "Fischer_11"]
[Result "1-0"]
[WhiteElo "2475"]
[BlackElo "2020"]
[Annotator "NA"]
[PlyCount "93"]
[EventDate "2020.07.01"]
[EventType "swiss (blitz)"]

1. d4 {[%emt 0:00:01]} e5 {[%emt 0:00:01]} 2. Nf3 {[%emt 0:00:00]} exd4 {[%emt 0:00:01]} 3. Nxd4 {[%emt 0:00:01]} c5 {[%emt 0:00:01]} 4. Nf3 {[%emt 0:00:04]} d5 {[%emt 0:00:00]} 5. c4 {[%emt 0:00:01]} Nf6 {[%emt 0:00:01]} 6. cxd5 {[%emt 0:00:01]} Qxd5 {[%emt 0:00:00]} 7. Qxd5 {[%emt 0:00:01]} Nxd5 {[%emt 0:00:00]} 8. a3 {[%emt 0:00:00]} Bf5 {[%emt 0:00:02]} 9. Bd2 {[%emt 0:00:01]} Nc6 {[%emt 0:00:02]} 10. Nc3 {[%emt 0:00:00]} Be6 {[%emt 0:00:04]} 11. e3 {[%emt 0:00:01]} Be7 {[%emt 0:00:01]} 12. Nxd5 {[%emt 0:00:01]} Bxd5 {[%emt 0:00:01]} 13. Bc3 {[%emt 0:00:00]} O-O {[%emt 0:00:01]} 14. Bb5 {[%emt 0:00:01]} a6 {[%emt 0:00:01]} 15. Bd3 {[%emt 0:00:02]} Rad8 {[%emt 0:00:02]} 16. Rd1 {[%emt 0:00:01]} b5 {[%emt 0:00:01]} 17. O-O {[%emt 0:00:01]} Bb3 {[%emt 0:00:02]} 18. Rd2 {[%emt 0:00:02]} c4 {[%emt 0:00:01]} 19. Be4 {[%emt 0:00:02]} Rxd2 {[%emt 0:00:01]} 20. Bxd2 {[%emt 0:00:00]} Nd8 {[%emt 0:00:07]} 21. Bc3 {[%emt 0:00:01]} Ne6 {[%emt 0:00:01]} 22. Bd5 {[%emt 0:00:01]} Rd8 {[%emt 0:00:01]} 23. Bxe6 {[%emt 0:00:01]} fxe6 {[%emt 0:00:00]} 24. Nd4 {[%emt 0:00:00]} Kf7 {[%emt 0:00:02]} 25. Nxb3 {[%emt 0:00:02]} cxb3 {[%emt 0:00:00]} 26. Rc1 {[%emt 0:00:02]} Rc8 {[%emt 0:00:02]} 27. Kf1 {[%emt 0:00:01]} b4 {[%emt 0:00:02]} 28. axb4 {[%emt 0:00:03]} Bxb4 {[%emt 0:00:00]} 29. Bd2 {[%emt 0:00:00]} Rc2 {[%emt 0:00:05]} 30. Rxc2 {[%emt 0:00:01]} bxc2 {[%emt 0:00:01]} 31. Bc1 {[%emt 0:00:00]} Kf6 {[%emt 0:00:03]} 32. Ke2 {[%emt 0:00:00]} Ke5 {[%emt 0:00:00]} 33. Kd3 {[%emt 0:00:00]} Kd5 {[%emt 0:00:02]} 34. Kxc2 {[%emt 0:00:01]} e5 {[%emt 0:00:00]} 35. f3 {[%emt 0:00:01]} e4 {[%emt 0:00:01]} 36. Bd2 {[%emt 0:00:03]} Bd6 {[%emt 0:00:03]} 37. f4 {[%emt 0:00:01]} g6 {[%emt 0:00:00]} 38. Bc3 {[%emt 0:00:01]} h5 {[%emt 0:00:00]} 39. g3 {[%emt 0:00:01]} Bc5 {[%emt 0:00:01]} 40. Kd2 {[%emt 0:00:01]} Kc4 {[%emt 0:00:00]} 41. h3 {[%emt 0:00:01]} Bb6 {[%emt 0:00:01]} 42. g4 {[%emt 0:00:01]} a5 {[%emt 0:00:00]} 43. gxh5 {[%emt 0:00:01]} gxh5 {[%emt 0:00:00]} 44. f5 {[%emt 0:00:00]} a4 {[%emt 0:00:00]} 45. f6 {[%emt 0:00:01]} Bc5 {[%emt 0:00:00]} 46. f7 {[%emt 0:00:01]} Kb3 {[%emt 0:00:01]} 47. Bg7 {[%emt 0:00:01] Zeit (Lag: Av=0.26s, max=0.9s)} 1-0

[Event "Stay Safe Play From Home 268"]
[Site "Emanuel Lasker Arena"]
[Date "2020.07.01"]
[Round "2"]
[White "Mepe_Nika"]
[Black "Patzeroglu"]
[Result "1-0"]
[WhiteElo "2396"]
[BlackElo "1885"]
[PlyCount "85"]
[EventDate "2020.07.01"]
[EventType "swiss (blitz)"]

1. d4 {[%emt 0:00:01]} e6 {[%emt 0:00:02]} 2. Bf4 {[%emt 0:00:01]} Nf6 {[%emt 0:00:00]} 3. e3 {[%emt 0:00:00]} d5 {[%emt 0:00:01]} 4. c4 {[%emt 0:00:02]} Bd6 {[%emt 0:00:00]} 5. Bxd6 {[%emt 0:00:01]} cxd6 {[%emt 0:00:01]} 6. Nc3 {[%emt 0:00:00]} dxc4 {[%emt 0:00:02]} 7. Bxc4 {[%emt 0:00:01]} d5 {[%emt 0:00:00]} 8. Bb5+ {[%emt 0:00:01]} Bd7 {[%emt 0:00:01]} 9. Bd3 {[%emt 0:00:01]} O-O {[%emt 0:00:01]} 10. Nf3 {[%emt 0:00:00]} b5 {[%emt 0:00:02]} 11. O-O {[%emt 0:00:02]} b4 {[%emt 0:00:01]} 12. Ne2 {[%emt 0:00:01]} Nc6 {[%emt 0:00:02]} 13. Nf4 {[%emt 0:00:01]} Qb6 {[%emt 0:00:02]} 14. Rc1 {[%emt 0:00:01]} a5 {[%emt 0:00:03]} 15. Bb1 {[%emt 0:00:00]} Ne7 {[%emt 0:00:03]} 16. Ne5 {[%emt 0:00:02]} Bb5 {[%emt 0:00:01]} 17. Re1 {[%emt 0:00:02]} Rfc8 {[%emt 0:00:03]} 18. Qf3 {[%emt 0:00:00]} Ng6 {[%emt 0:00:05]} 19. Nh5 {[%emt 0:00:03]} Nxh5 {[%emt 0:00:03]} 20. Qxh5 {[%emt 0:00:00]} a4 {[%emt 0:00:03]} 21. Qf3 {[%emt 0:00:02]} Qb7 {[%emt 0:00:03]} 22. h4 {[%emt 0:00:06]} Nxe5 {[%emt 0:00:04]} 23. dxe5 {[%emt 0:00:01]} Bc4 {[%emt 0:00:01]} 24. Qh5 {[%emt 0:00:07]} g6 {[%emt 0:00:01]} 25. Qf3 {[%emt 0:00:01]} Qe7 {[%emt 0:00:02]} 26. h5 {[%emt 0:00:01]} Qg5 {[%emt 0:00:01]} 27. hxg6 {[%emt 0:00:01]} hxg6 {[%emt 0:00:00]} 28. Qf4 {[%emt 0:00:01]} Qxf4 {[%emt 0:00:01]} 29. exf4 {[%emt 0:00:00]} Rcb8 {[%emt 0:00:03]} 30. f3 {[%emt 0:00:02]} Rb6 {[%emt 0:00:02]} 31. Kf2 {[%emt 0:00:01]} Rba6 {[%emt 0:00:01]} 32. Ke3 {[%emt 0:00:01]} a3 {[%emt 0:00:00]} 33. bxa3 {[%emt 0:00:03]} Bb3 {[%emt 0:00:00]} 34. axb3 {[%emt 0:00:01]} bxa3 {[%emt 0:00:01]} 35. Ba2 {[%emt 0:00:01]} Rb6 {[%emt 0:00:01]} 36. Rc7 {[%emt 0:00:01]} Rab8 {[%emt 0:00:00]} 37. Rec1 {[%emt 0:00:00]} Rxb3+ {[%emt 0:00:01]} 38. Bxb3 {[%emt 0:00:01]} Rxb3+ {[%emt 0:00:01]} 39. R7c3 {[%emt 0:00:00]} Rb2 {[%emt 0:00:01]} 40. Rxa3 {[%emt 0:00:01]} Rxg2 {[%emt 0:00:01]} 41. Rc8+ {[%emt 0:00:00]} Kg7 {[%emt 0:00:00]} 42. Raa8 {[%emt 0:00:00]} g5 {[%emt 0:00:02]} 43. Rh8 {[%emt 0:00:01] Time (Lag: Av=1.20s, max=1.8s)} 1-0

[Event "Stay Safe Play From Home 268"]
[Site "Emanuel Lasker Arena"]
[Date "2020.07.01"]
[Round "2"]
[White "The Next Contender"]
[Black "Klasman"]
[Result "0-1"]
[WhiteElo "2012"]
[BlackElo "1315"]
[PlyCount "56"]
[EventDate "2020.07.01"]
[EventType "swiss (blitz)"]

1. d4 {[%emt 0:00:01]} f5 {[%emt 0:00:01]} 2. c4 {[%emt 0:00:00]} Nf6 {[%emt 0:00:01]} 3. g3 {[%emt 0:00:00]} e6 {[%emt 0:00:01]} 4. Bg2 {[%emt 0:00:00]} c6 {[%emt 0:00:01]} 5. Nf3 {[%emt 0:00:00]} d5 {[%emt 0:00:01]} 6. O-O {[%emt 0:00:00]} Be7 {[%emt 0:00:03]} 7. e3 {[%emt 0:00:01]} O-O {[%emt 0:00:01]} 8. Ne5 {[%emt 0:00:01]} Nbd7 {[%emt 0:00:02]} 9. Nxd7 {[%emt 0:00:02]} Bxd7 {[%emt 0:00:01]} 10. Nc3 {[%emt 0:00:00]} dxc4 {[%emt 0:00:02]} 11. Qe2 {[%emt 0:00:02]} b5 {[%emt 0:00:01]} 12. a3 {[%emt 0:00:03]} a5 {[%emt 0:00:03]} 13. Nxb5 {[%emt 0:00:02]} cxb5 {[%emt 0:00:03]} 14. Bxa8 {[%emt 0:00:00]} Qxa8 {[%emt 0:00:02]} 15. Bd2 {[%emt 0:00:00]} Bc6 {[%emt 0:00:03]} 16. Rfc1 {[%emt 0:00:02]} Bf3 {[%emt 0:00:02]} 17. Qe1 {[%emt 0:00:01]} Ng4 {[%emt 0:00:03]} 18. h3 {[%emt 0:00:02]} Nf6 {[%emt 0:00:03]} 19. Bxa5 {[%emt 0:00:02]} Bh1 {[%emt 0:00:04]} 20. Qf1 {[%emt 0:00:01]} Qf3 {[%emt 0:00:03]} 21. Rc3 {[%emt 0:00:06]} Ne4 {[%emt 0:00:01]} 22. Rc2 {[%emt 0:00:01]} f4 {[%emt 0:00:07]} 23. Kh2 {[%emt 0:00:01]} fxg3+ {[%emt 0:00:03]} 24. fxg3 {[%emt 0:00:01]} Qxg3+ {[%emt 0:00:01]} 25. Kxh1 {[%emt 0:00:05]} Rxf1+ {[%emt 0:00:03]} 26. Rxf1 {[%emt 0:00:01]} Qxh3+ {[%emt 0:00:01]} 27. Rh2 {[%emt 0:00:02]} Ng3+ {[%emt 0:00:02]} 28. Kg1 {[%emt 0:00:03]} Qxf1# {[%emt 0:00:01] (Lag: Av=0.63s, max=1.0s)} 0-1

[Event "Stay Safe Play From Home 268"]
[Site "Emanuel Lasker Arena"]
[Date "2020.07.01"]
[Round "2"]
[White "Haris kollari 13"]
[Black "Lazieri3"]
[Result "0-1"]
[WhiteElo "1767"]
[BlackElo "2102"]
[Annotator "NA"]
[PlyCount "74"]
[EventDate "2020.07.01"]
[EventType "swiss (blitz)"]

1. e4 {[%emt 0:00:01]} c6 {[%emt 0:00:00]} 2. f4 {[%emt 0:00:01]} d5 {[%emt 0:00:00]} 3. e5 {[%emt 0:00:00]} Bf5 {[%emt 0:00:01]} 4. d4 {[%emt 0:00:00]} e6 {[%emt 0:00:01]} 5. Nf3 {[%emt 0:00:00]} c5 {[%emt 0:00:00]} 6. c3 {[%emt 0:00:01]} cxd4 {[%emt 0:00:00]} 7. cxd4 {[%emt 0:00:01]} Bb4+ {[%emt 0:00:02]} 8. Nc3 {[%emt 0:00:01]} Bxc3+ {[%emt 0:00:01]} 9. bxc3 {[%emt 0:00:01]} Nc6 {[%emt 0:00:00]} 10. Ba3 {[%emt 0:00:01]} Nge7 {[%emt 0:00:01]} 11. Bd3 {[%emt 0:00:01]} Bxd3 {[%emt 0:00:01]} 12. Qxd3 {[%emt 0:00:01]} h5 {[%emt 0:00:00]} 13. O-O {[%emt 0:00:03]} g6 {[%emt 0:00:01]} 14. Rab1 {[%emt 0:00:01]} b6 {[%emt 0:00:02]} 15. Bxe7 {[%emt 0:00:01]} Nxe7 {[%emt 0:00:01]} 16. Qb5+ {[%emt 0:00:02]} Qd7 {[%emt 0:00:01]} 17. Qxd7+ {[%emt 0:00:02]} Kxd7 {[%emt 0:00:00]} 18. Ng5 {[%emt 0:00:01]} Rhf8 {[%emt 0:00:02]} 19. Rfc1 {[%emt 0:00:01]} Rac8 {[%emt 0:00:01]} 20. Kf2 {[%emt 0:00:01]} Nf5 {[%emt 0:00:02]} 21. Ke2 {[%emt 0:00:01]} Ke7 {[%emt 0:00:01]} 22. Kd3 {[%emt 0:00:01]} Rc7 {[%emt 0:00:04]} 23. h3 {[%emt 0:00:01]} Rfc8 {[%emt 0:00:00]} 24. g4 {[%emt 0:00:03]} Nh4 {[%emt 0:00:02]} 25. Rb2 {[%emt 0:00:06]} Ng2 {[%emt 0:00:05]} 26. Rf2 {[%emt 0:00:02]} Nh4 {[%emt 0:00:02]} 27. gxh5 {[%emt 0:00:04]} gxh5 {[%emt 0:00:00]} 28. Nf3 {[%emt 0:00:04]} Nxf3 {[%emt 0:00:01]} 29. Rxf3 {[%emt 0:00:01]} b5 {[%emt 0:00:01]} 30. a3 {[%emt 0:00:04]} a5 {[%emt 0:00:01]} 31. Rff1 {[%emt 0:00:03]} b4 {[%emt 0:00:01]} 32. axb4 {[%emt 0:00:01]} axb4 {[%emt 0:00:01]} 33. Rb1 {[%emt 0:00:02]} Rxc3+ {[%emt 0:00:02]} 34. Kd2 {[%emt 0:00:01]} Rc2+ {[%emt 0:00:01]} 35. Kd1 {[%emt 0:00:01]} R8c4 {[%emt 0:00:03]} 36. Rf3 {[%emt 0:00:03]} Rh2 {[%emt 0:00:03]} 37. Rd3 {[%emt 0:00:01]} h4 {[%emt 0:00:04] Time (Lag: Av=0.82s, max=10.2s)} 0-1